Plus grand que la France - Statistiques

Statistiques générales
  • Ce quiz a été pris 96 fois
  • Le résultat moyen est 32 sur 40
Statistiques - réponses
Réponse % Correct
Russie
100%
Canada
97%
Chine
96%
Australie
95%
États-Unis
95%
Mexique
93%
Afrique du Sud
92%
Algérie
92%
Brésil
92%
Argentine
91%
Inde
91%
République Démocratique du Congo
88%
Arabie Saoudite
84%
Chili
84%
Egypte
84%
Indonesie
84%
Iran
82%
Mongolie
81%
Niger
81%
Pérou
81%
Turquie
81%
Danemark
80%
Kazakhstan
80%
Mali
80%
Soudan
80%
Colombie
79%
Pakistan
79%
Nigeria
76%
Bolivie
75%
Ethiopie
74%
Libye
74%
Mauritanie
71%
Tchad
71%
Angola
70%
Venezuela
70%
Namibie
60%
Mozambique
59%
Tanzanie
58%
Zambie
52%
Birmanie
45%
Aucun quiz correspondant
Distribution des résultats
% des personnes avec chaque résultat
Percentile par nombre de réponses
Votre historique - résultats
Vous n’avez pas pris ce quiz